000
00291nmm a2200097Ia 4500
008
220120s9999||||xx |||||||||||||||||und||
020
_a
0-07-048649-2
100
_a
ACMSIGCE-2010
_9
11201
245
0
_a
ICER 2009 ACM proceedings workshop and international computi
260
_a
ACM press
_b
New Delhi
999
_c
139469
_d
139469